Normal view
MARC view
Entry Personal Name
001 - CONTROL NUMBER
- control field: 3882
003 - CONTROL NUMBER IDENTIFIER
- control field: PK-LaUMT
005 - DATE AND TIME OF LATEST TRANSACTION
- control field: 20241227104421.0
008 - FIXED-LENGTH DATA ELEMENTS
- fixed length control field: 241227|| aca||aabn | a|a d
040 ## - CATALOGING SOURCE
- Original cataloging agency: PK-LaUMT
- Transcribing agency: PK-LaUMT
100 ## - HEADING--PERSONAL NAME
- Personal name: Imam Abu Hamid Muhammad bin Muhammad al-Ghazali = امام ابو حامد محمد بن محمد الغزالی
670 ## - SOURCE DATA FOUND
- Source citation: Work cat.: (PK-LaUMT)136421: Imam Abu Hamid Muhammad bin Muhammad al-Ghazali = امام ابو حامد محمد بن محمد الغزالی, Tallash i haq = تلاش حق اردو ترجمہ المنقد من الضلال /, 1996
